01899nam a2200241Ia 4500001000600000003000900006008004100015040001300056040001300069041001300082100002000095100002900115245006500144245006500209250001100274260002200285260001400307260004900321300005500370500116800425650003301593650003101626G9640IT-RoPAU130308s9999 xx 000 0 und d aIT-RoPAU cIT-RoPAU aFRANCESE aJulien Mariette gCodice Aut. SPICS: 56166 aImage publicitaire des parfums (L'). Communication olfactive bImage Publicitaire des parfums (L'). Communication Olfactive a1a ed. aMONTREAL (CANADA) bHarmattan c1997 [1° Ed.:1997 - Ed.Ling.Originale:1997] a"284 p. (prefazione: 6; testo: 278 [pagine: 0-0])" a"Immagine pubblicitaria dei Profumi: Comunicazione Olfattiva. immagine Olfattiva: Annuncio pubblicitario dei profumi Sulle riviste Periodiche Come Strumento Promozionale, Come Creazione Artistica, Come Oggetto di Studio; Particolarità€ del profumo Come Referente. Visione dell'Odore: immagine della Marca; corrispondenze tra le forme visive e Olfattive di un Profumo. Problematica: tre proposte per Abbordare Il Richiamo Olfattivo dell'Immagine pubblicitaria dei Profumi, e Loro Limiti. Problema Metodologico: Abbordare L'Immagine dal Punto di Vista del produttore o del Recettore. Problema di Ordinepercettivo: Meccanismi Fisiologici della Visione e dell'Odorato. Lettura Olfattiva: Percezione dell'Olfattivo Secondo la Teoria di Peirce. Segno Olfattivo: funzionamento e Originalità€ della Semiotica Peirciana, Convalida del Segno Olfattivo. Comunicazione Olfattiva: Schema Comunicativo del Segno Olfattivo; Struttura Semiotica della Comunicazione Olfattiva. Letture Olfattive: Quattro Percorsi. Creazione: Costruzione dell'Immagine pubblicitaria dei Profumi. Lista dei profumi Analizzati Sugli Annunci delle Riviste. classificazione Dettagliata dei Profumi." aLINGUAGGIO DELLA PUBBLICITA' eCodice materia Spics: 6204